La revolución del '90 /

Guardado en:
Autor Principal: Jitrik, Noé
Formato: Libro
Publicado: Argentina : Centro Editor de América latina, 1970
Series:La Historia Popular, 6
Materias:
Etiquetas: Agregar Etiqueta
Sin Etiquetas, Sea el primero en etiquetar este registro!
LEADER 00525nam a22001815a 4500
001 CEM.cems003495
005 19000101000000.0
008 130507s1970##################000#0#####d
003 CEMS
082 0 4 |a 982.05 
100 1 |a Jitrik, Noé 
245 1 0 |a La revolución del '90 /  |c Noé Jitrik 
260 |a Argentina :  |b Centro Editor de América latina,  |c 1970 
300 |a 117 p. 
490 0 |a La Historia Popular, 6 
653 |a Historia 
653 |a Historia argentina 
859 |a CEMS  |b BIB. CEMS - 11 de abril  |h 982.05  |i J567  |p 15545.89  |t Ej.1